000 00801nam a2200217Ia 4500
003 IN-BaIIA
008 211028s9999 xx 000 0 eng d
040 _cIIA Library
080 _a523.945
_bLIN
100 _aLinsky, Jaffrey L
_95505
245 0 _aFormation of the calcium H, K and Subordinates lines in the solar chromosphere
_bvol. 1
_cJaffrey L. Linsky
260 _aCambridge
_bSmithsonian Institution Press
_c1968
300 _a[various pagings.]
490 _aResearch in Space Science SAO Special Report; no. 274
650 _aAstronomy and Astrophysics Thesaurus
650 _aCalcium H and K Emission
_95506
650 _aCalcium II Emission Lines
_95507
650 _aChromosphere
_95508
650 _aSolar Chromosphere
_93973
942 _cBK
999 _c3100
_d3100